Service-Oriented Computing: Agents, Semantics, and Engineering AAMAS 2009 International Workshop SOCASE 2009, Budapest, Hungary, May 11, 2009. Proceedings /

This book constitutes the thoroughly refereed post-conference proceedings of the International Workshop on Service-Oriented Computing: Agents, Semantics and Engineering, SOCASE 2009, held in Budapest, Hungary, as an associated event of AAMAS 2009, the main international conference on autonomous agen...

Full description

Bibliographic Details
Corporate Author: SpringerLink (Online service)
Other Authors: Kowalczyk, Ryszard (Editor), Vo, Quoc Bao (Editor), Maamar, Zakaria (Editor), Huhns, Michael (Editor)
Format: Electronic eBook
Language:English
Published: Berlin, Heidelberg : Springer Berlin Heidelberg, 2009.
Series:Lecture Notes in Computer Science, 5907
Subjects:
Online Access:Full Text via HEAL-Link
LEADER 03650nam a22005895i 4500
001 978-3-642-10739-9
003 DE-He213
005 20151204170101.0
007 cr nn 008mamaa
008 100301s2009 gw | s |||| 0|eng d
020 |a 9783642107399  |9 978-3-642-10739-9 
024 7 |a 10.1007/978-3-642-10739-9  |2 doi 
040 |d GrThAP 
050 4 |a TK5105.5-5105.9 
072 7 |a UKN  |2 bicssc 
072 7 |a COM075000  |2 bisacsh 
082 0 4 |a 004.6  |2 23 
245 1 0 |a Service-Oriented Computing: Agents, Semantics, and Engineering  |h [electronic resource] :  |b AAMAS 2009 International Workshop SOCASE 2009, Budapest, Hungary, May 11, 2009. Proceedings /  |c edited by Ryszard Kowalczyk, Quoc Bao Vo, Zakaria Maamar, Michael Huhns. 
264 1 |a Berlin, Heidelberg :  |b Springer Berlin Heidelberg,  |c 2009. 
300 |a IX, 143 p.  |b online resource. 
336 |a text  |b txt  |2 rdacontent 
337 |a computer  |b c  |2 rdamedia 
338 |a online resource  |b cr  |2 rdacarrier 
347 |a text file  |b PDF  |2 rda 
490 1 |a Lecture Notes in Computer Science,  |x 0302-9743 ;  |v 5907 
505 0 |a Service-Oriented Computing: Agents, Semantics, and Engineering -- Contract Observation in Web Services Environments -- Mechanism Design for Task Procurement with Flexible Quality of Service -- An Agent-Oriented Service Model for a Personal Information Manager -- Agent-Based Context Consistency Management in Smart Space Environments -- Using THOMAS for Service Oriented Open MAS -- Agent-Based Support for Context-Aware Provisioning of IMS-Enabled Ubiquitous Services -- Agent-Based Framework for Personalized Service Provisioning in Converged IP Networks -- Management Intelligence in Service-Level Reconfiguration of Distributed Network Applications -- Business Modeling via Commitments -- MAMS Service Framework. 
520 |a This book constitutes the thoroughly refereed post-conference proceedings of the International Workshop on Service-Oriented Computing: Agents, Semantics and Engineering, SOCASE 2009, held in Budapest, Hungary, as an associated event of AAMAS 2009, the main international conference on autonomous agents and multi-agent systems. The 10 revised full papers presented were carefully reviewed and selected for inclusion in the book. The papers address a range of topics at the intersection of service-oriented computing, semantic technology, and intelligent multiagent systems, such as: service description and discovery; planning, composition and negotiation; semantic processes and service agents; as well as applications. 
650 0 |a Computer science. 
650 0 |a Computer communication systems. 
650 0 |a Database management. 
650 0 |a Data mining. 
650 0 |a Multimedia information systems. 
650 0 |a Artificial intelligence. 
650 1 4 |a Computer Science. 
650 2 4 |a Computer Communication Networks. 
650 2 4 |a Information Systems Applications (incl. Internet). 
650 2 4 |a Data Mining and Knowledge Discovery. 
650 2 4 |a Database Management. 
650 2 4 |a Multimedia Information Systems. 
650 2 4 |a Artificial Intelligence (incl. Robotics). 
700 1 |a Kowalczyk, Ryszard.  |e editor. 
700 1 |a Vo, Quoc Bao.  |e editor. 
700 1 |a Maamar, Zakaria.  |e editor. 
700 1 |a Huhns, Michael.  |e editor. 
710 2 |a SpringerLink (Online service) 
773 0 |t Springer eBooks 
776 0 8 |i Printed edition:  |z 9783642107382 
830 0 |a Lecture Notes in Computer Science,  |x 0302-9743 ;  |v 5907 
856 4 0 |u http://dx.doi.org/10.1007/978-3-642-10739-9  |z Full Text via HEAL-Link 
912 |a ZDB-2-SCS 
912 |a ZDB-2-LNC 
950 |a Computer Science (Springer-11645)